<?xml version="1.0" encoding="UTF-8"?>
<record
    xmlns:xsi="http://www.w3.org/2001/XMLSchema-instance"
    xsi:schemaLocation="http://www.loc.gov/MARC21/slim http://www.loc.gov/standards/marcxml/schema/MARC21slim.xsd"
    xmlns="http://www.loc.gov/MARC21/slim">

  <leader>00317nam a22001217a 4500</leader>
  <datafield tag="040" ind1=" " ind2=" ">
    <subfield code="c">HS</subfield>
  </datafield>
  <datafield tag="082" ind1=" " ind2=" ">
    <subfield code="a">636</subfield>
  </datafield>
  <datafield tag="100" ind1=" " ind2=" ">
    <subfield code="a">&#x1793;&#x17B6;&#x1784; &#x179F;&#x17BB;&#x1783;&#x1793;</subfield>
  </datafield>
  <datafield tag="245" ind1=" " ind2=" ">
    <subfield code="a">Poultry production 2 : &#x1795;&#x179B;&#x17B7;&#x178F;&#x1780;&#x1798;&#x17D2;&#x1798;&#x1794;&#x1780;&#x17D2;&#x179F;&#x17B8;&#x179C;&#x1782;&#x17D2;&#x1782; &#x17E2; </subfield>
  </datafield>
  <datafield tag="260" ind1=" " ind2=" ">
    <subfield code="a">RUA</subfield>
    <subfield code="b">&#x1793;&#x17B6;&#x1784; &#x179F;&#x17BB;&#x1783;&#x1793;</subfield>
    <subfield code="c">2008</subfield>
  </datafield>
  <datafield tag="300" ind1=" " ind2=" ">
    <subfield code="a">NA</subfield>
  </datafield>
  <datafield tag="942" ind1=" " ind2=" ">
    <subfield code="c">KB</subfield>
  </datafield>
  <datafield tag="999" ind1=" " ind2=" ">
    <subfield code="c">10148</subfield>
    <subfield code="d">10148</subfield>
  </datafield>
  <datafield tag="952" ind1=" " ind2=" ">
    <subfield code="0">0</subfield>
    <subfield code="1">0</subfield>
    <subfield code="4">0</subfield>
    <subfield code="6">636_000000000000000_&#x1793;&#x17B6;&#x1784;_2008_C020_OR</subfield>
    <subfield code="7">0</subfield>
    <subfield code="9">52558</subfield>
    <subfield code="a">LBC</subfield>
    <subfield code="b">LBC</subfield>
    <subfield code="c">C020</subfield>
    <subfield code="d">2016-09-21</subfield>
    <subfield code="o">636 &#x1793;&#x17B6;&#x1784; 2008 C020 Or.</subfield>
    <subfield code="p">RUA056511</subfield>
    <subfield code="r">2016-09-26</subfield>
    <subfield code="y">KB</subfield>
  </datafield>
</record>
